00565nam a2200121Ia 4500008004100000245026000041260003600301260000900337300000600346650002600352650001200378856005300390170516s9999 xx 000 0 und d aMicroradiography of Microcalcifications in Breast Specimen: A New Histological Correlation Procedure and the Effect of Improved Resolution on Diagnostic Validity, H.-J. Langen, S. Koehler, J. Bielmeier, R. Jocher, D. Kranzfelder, N. Jagusch, G. Treutlein, bRadiology Research and Practice c2012 a: xRadiologic Technology xRadtech uhttps://www.hindawi.com/journals/rrp/contents/4/